| 000 | 01032cam a2200289 a 4500 | ||
|---|---|---|---|
| 001 | 1869704 | ||
| 003 | ARRUPE | ||
| 005 | 20141219132711.0 | ||
| 008 | 830317s1981 enka 000 0 eng | ||
| 010 | _a 82187099 | ||
| 020 |
_a0904759431 (pbk.) : _c£1.20 |
||
| 040 |
_aDLC _cDLC _dDLC _dDLC |
||
| 043 | _af-sa--- | ||
| 050 | 0 | 0 |
_aDT779.9 _b.S9 1981 |
| 082 | 0 | 0 |
_a364.1/3 _219 |
| 245 | 0 | 4 |
_aThe Sun will rise _bstatements from the dock by Southern African political prisoners / _cedited by Mary Benson. |
| 250 | _aRev. and enl. ed. | ||
| 260 |
_aLondon : _bInternational Defence and Aid Fund for Southern Africa, _c1981. |
||
| 300 |
_a80 p. : _bill. ; _c21 cm. |
||
| 650 | 0 |
_aPolitical prisoners _zSouth Africa. _913373 |
|
| 651 | 0 |
_aSouth Africa _xPolitics and government _y1961-1978. _913374 |
|
| 651 | 0 |
_aSouth Africa _xPolitics and government _y1978- _913375 |
|
| 651 | 0 |
_aSouth Africa _xRace relations. _913376 |
|
| 700 | 1 |
_aBenson, Mary. _98537 |
|
| 906 |
_a7 _bcbc _corignew _d2 _encip _f19 _gy-gencatlg |
||
| 942 |
_2lcc _cSPC |
||
| 999 |
_c121488 _d121488 |
||